Los desafíos de la educación chilena frente al siglo XXI

Uloženo v:
Podrobná bibliografie
Korporace: Comité Técnico Asesor del Diálogo Nacional sobre la Modernización de la Educación Chilena (Autor), Comisión Nacional para la Modernización de la Educación (Autor)
Médium: Kniha
Jazyk:španělština
Vydáno: Santiago Universitaria 1997
Vydání:2a. ed
Edice:Colección Punta de Lanza
Témata:
Tagy: Přidat tag
Žádné tagy, Buďte první, kdo vytvoří štítek k tomuto záznamu!

MARC

LEADER 00000cam a2200000 a 4500
001 UCN3069
003 CL-VaPUC
008 010615e19970000CL |||||||||||||||||spa|d
020 |a 956111139X 
082 0 4 |a 379.83  |b COM  |2 21 
110 2 |a Comité Técnico Asesor del Diálogo Nacional sobre la Modernización de la Educación Chilena  |e author  |9 459493 
710 2 |a Comisión Nacional para la Modernización de la Educación  |e author  |9 459494 
245 1 4 |a Los desafíos de la educación chilena frente al siglo XXI 
246 1 0 |a Informe de la Comisión Nacional para la modernización de la educación 
250 |a 2a. ed 
300 |a 190 p 
942 |c BK 
945 |d 20010615 00:00:00  |a vberengu 
260 |a Santiago  |b Universitaria  |c 1997 
650 0 |a Calidad de la educación   |9 307271 
650 7 |a REFORMA DE LA EDUCACION  |2 CL-VaPUC  |9 333471 
650 0 |a Docentes  |9 311365 
650 0 |a Innovaciones pedagógicas  |9 307471 
650 0 |a Diseño curricular  |9 378490 
650 0 |a Formación de docentes  |9 329378 
651 7 |a CHILE  |2 CL-VaPUC  |9 459495 
583 |a last modification  |c 20160428 05:00:06  |k Rodrigo Vera 
490 0 |a Colección Punta de Lanza 
999 |c 296078  |d 296076 
952 |0 0  |1 0  |4 0  |6 379_830000000000000_COM_1997  |7 0  |8 R  |9 349644  |a BIBEDU  |b BIBEDU  |c MCIRC  |d 2019-11-20  |i 3732991  |o 379.83 COM 1997  |p 3732991  |r 2023-01-13  |w 2019-11-20  |y BK_R  |k EPE 
952 |0 0  |1 0  |3 erb  |4 0  |6 379_830000000000000_COM_1997  |7 0  |8 R  |9 349646  |a BIBEDU  |b BIBEDU  |c MCIRC  |e Villagrán Garnham, Jorge  |i 5300959  |o 379.83 COM 1997  |p 5300959  |r 2023-01-13  |w 2019-11-20  |y BK_R  |z Catalogado en:20160428  |k EPE